| 000 | 00542nam a22002057a 4500 | ||
|---|---|---|---|
| 003 | OSt | ||
| 005 | 20140310182819.0 | ||
| 008 | 130302t xxu||||| |||| 00| 0 eng d | ||
| 020 | _a9789712352539 | ||
| 050 |
_aQA 303 _b.M314 2009 |
||
| 082 |
_aM 515 _b.M314 2009 |
||
| 245 |
_aBasic Calculus / _cMarcelo, Gladys Glo H. |
||
| 260 |
_aManila : _bRex Book Store, _c2009. |
||
| 300 |
_ax, 302 p. : _c24 cm. _bill. ; |
||
| 521 | _acollege students | ||
| 526 | _c1210L-1700L | ||
| 541 | _j1 | ||
| 562 | _e1 | ||
| 942 |
_2lcc _cBK _kM |
||
| 999 |
_c16337 _d16337 |
||